Quiz 1er Stmg - Statistiques

Statistiques générales
  • Ce quiz a été pris 60 fois
  • Le résultat moyen est 5 sur 21
Statistiques - réponses
Résumé Gens % Correct
Honnêtement je pense c le mec avec la plus grande coupe casquette que j’ai jamais vu. Je sais même pas comment sa tiens en l’air comme ça dit nous ton secret mec Malo L
76%
Un peu neuneu des fois j’ai juré à chaque qu’il se fait punir ou réprimandé il sais jamais ce qu’il a fait et il essaie de se justifier avec une petite voix Malo P
50%
C’est le plus gros mongole de la classe avec c’est gros cheuveux bien bouclé. Il veux pas admettre que c un gros égyptien ce gros a arabe Nathan
29%
Le plus beau des bdg Hugo
26%
Le gars est meilleure prof que la plupart des notre. Après le mec grave good vibes et drôle sinon je le connais pas des masse Enzo
24%
Futur mec de malou la 2009 j’en suis convaincu après sinon on peu pas le vanner mise à part sur le prénom de sa daronne Ethan
21%
Honnêtement je sais pas comment il ne s’est pas déjà fait exclure. Après il met de la bonne ambiance dans la classe et je continue de lui parler pour pécho sa sœur 🤤🤤 Leo
21%
Je pense la plus grosse rageuse avec moi de la classe. Un poil susceptible et crois dure comme fer que Mbappé et Macron sont gay et que Brigitte est trans Lilou
21%
La meuf est insupportable, j’ai juré elle veux trop être supérieur à tt le monde et pète son crâne quand quelqu’un est supérieur à elle. Pov même ses « potes » font que de cracher dessus #BIGMDRR Ambre
18%
Moi je dis il va pécho la meuf de l’autre Stmg mais il veux pas l’avouer. après il est tt mignon quand il sors de chez le coiffeur Antoine
18%
Certain dirons qu’il est trop cool d’autres diront que c’est un pnj . Pour la classe c’est plutôt la deuxième option mais c pas grave parce que quand il arrive en retard il est trop stylé Camille
18%
Je vais pas tout raconter de ce qui se passe avec son mec mai c’est hard une légende raconte qu’il en a une plus grande qu’astrotonerre Solène
18%
Si t’arrive à le voir franchement ta de la chance. Le petit farfadet malicieux de la classe qui se la tue a Brawl star Valentin
18%
J’ai grave l’impression c’est une petite fille après franchement je la connais pas trop. Mais vas-y elle connais toujours pas mon blaze alors que sa fait 7 mois on est dans la même classe Romane
15%
La vie ultra susceptible les profs peuvent rien lui dire sans faire un drama. Après sinon bad sympa mais beaucoup trop féministe Eliza
12%
Le gars débarqué au milieu de l’année et a pécho bla meilleure pote de solène. Après j’avoue il est bg. A voir comment il sera quand il sortira de prison Khachik
12%
La seule rousse de la classe, elle a deux seules passions dans la vie aller voir ses chouchous aux pauses et attendre les comeback de son majeur pédophile qui habite à Arras Leonie
12%
Elle a même pas fait la moitié de l’année avec nous a croire on est la pire classe de tout les temps. Je pense elle a préféré retourner se bourré la gueule parce qu’elle gère très mal l’alcool Maiwenn
12%
De source sur elle faut que de dormir en cours après j’ai rien elle est trop clean je la connais pas Manéa
12%
Je l’ai vu couper ses cheveux en cours j’ai pas capté Soleda
12%
Si je vous dis cigarette ou fume normalement vous avez déjà trouvé. Sinon il a déjà redoublé sa première et je pense il est bien partie pour refaire la même. Mais après ses galettes sont graves bonnes Charles
9%
Aucun quiz correspondant
Distribution des résultats
% des personnes avec chaque résultat
Percentile par nombre de réponses
Votre historique - résultats
Vous n’avez pas pris ce quiz